| 000 | 00996 a2200241 4500 | ||
|---|---|---|---|
| 003 | Nust | ||
| 005 | 20220803133326.0 | ||
| 010 | _a 2005928895 | ||
| 020 | _a8129706954 | ||
| 040 | _cNust | ||
| 082 | 0 | 0 | _a004.682,LAN |
| 100 | 1 |
_aSpence, Colin. _996443 |
|
| 245 | 1 | 0 |
_aMicrosoft SharePoint 2003 unleashed / _cColin Spence, Michael Noel. |
| 250 | _a2nd ed. | ||
| 260 |
_aIndianapolis, Ind. : _bSams, _cc2006. |
||
| 300 |
_axxv, 787 p. : _bill. ; _c23 cm. |
||
| 505 | _aSharepoint Overview (Page-3),Transforming Business Goals And Processing Into A Sharepoint Design (Page-99), Installation, Configuration And Management Of A Sharepoint Environment (Page-201), Implementing Sharepoint Technologies (Page-499), Expanding The Use Of Sharepoint Technologies Throughout The Enterprise (Page-767). | ||
| 650 | 0 |
_aIntranets (Computer networks) _996444 |
|
| 650 | 0 |
_aWeb servers. _995902 |
|
| 700 | 1 |
_aLangfeld, Lynn. _996445 |
|
| 700 | 1 |
_aNoel, Michael. _996446 |
|
| 942 |
_2ddc _cBK _k004.682,LAN |
||
| 999 |
_c176430 _d176430 |
||